000 01242nam a2200301 c 4500
999 _c24273
_d24273
003 BLK
005 20210119133518.0
008 180413b bul|||||r ||||||| ||bul||
010 _aKNG00026778000
020 _a954-625-157-7
040 _aBLK
041 _aBUL
_cBUL
080 _aАрабска литература. Подразделя се с помощта на общите определители на място (5/6)
_b821.411.21
_x-93-34
_z821.411.21-93-34
139 _aСиндбад Мореплавателя
_bС 37
245 1 0 _aСиндбад Мореплавателя
_bПриказка
_cадапт. и прев. Ина Иванова; худож. Ивайло Иванчев.
257 _aSB
260 _bФют
_c1999
300 _a32 с.
_bс цв. ил.
_c28 см
380 _aDX
490 _aПриказки от хиляда и една нощ
_9438550
700 1 _aИванова, Ина
_eадапт. и прев.
_9267563
700 1 _aИванчев, Ивайло
_eхудож.
_9363283
852 _aЦб ІІ 10081
856 4 _qpdf
_u
856 4 _qpdf
_u
942 _cKNG
_n0
_01
_s1
944 _aCR
_c15.01.2003
_kВаля_Йорданова
944 _aED
_c11.09.2015
_kВалентина_Караджова
999 _d24273